| 000 | 00544nam a22001577a 4500 | ||
|---|---|---|---|
| 003 | macl | ||
| 005 | 20250403121425.0 | ||
| 008 | 250403b |||||||| |||| 00| 0 eng d | ||
| 040 | _cmacl | ||
| 082 | _a001 | ||
| 100 |
_aश्रीवास्तव, प्रदीप _983077 |
||
| 245 | _aसमूह -5 स् टाफ नर्स संयुक्त भर्ती परीक्षा 2024 -25 | ||
| 260 |
_bअरिहन्त पब्किेशन्स _c2025 |
||
| 650 | _aG.K. | ||
| 942 |
_2ddc _cC. BOOKS |
||
| 999 |
_c67848 _d67848 |
||